Eurovision 2024 - candidats et chansons (finale) - Statistiques

Statistiques générales
  • Ce quiz a été pris 254 fois
  • Le résultat moyen est 29 sur 52
Statistiques - réponses
Place Pays Points Artiste % Correct
1 Suisse 591 Nemo
98%
4 France 445 Slimane
93%
(titre) The Code
93%
(titre) Mon Amour
86%
2 Croatia 547 Baby Lasagna
81%
(titre) Europapa
76%
(titre) La Noia
75%
9 Suède 174 Marcus/Martinus
72%
(titre) Teresa & Maria
69%
(titre) Unforgettable
69%
6 Irlande 278 Bambie Thug
64%
(titre) Hurricane
64%
(titre) Fighter
62%
(titre) Jako
61%
7 Italie 268 Angelina Mango
60%
13 Luxembourg 103 Tali
60%
(titre) Doomsday Blue
59%
Exclu Pays Bas 0 Joost Klein
59%
(titre) Rim Tim Tagi Dim
58%
3 Ukraine 453 Alyona Alyona/Jerry Heil
56%
5 Israël 375 Eden Golan
56%
(titre) Firefighter
56%
(titre) No Rules!
55%
(titre) Zorra
55%
(titre) Dizzy
54%
(titre) Liar
54%
18 Royaume-Uni 46 Olly Alexander
54%
(titre) Grito
52%
(titre) Luktelk
52%
(titre) We will rave
51%
10 Portugal 152 Iolanda
50%
(titre) Veronika
50%
(titre) Zari
50%
(titre) Always on the Run
49%
12 Allemagne 117 Isaak
49%
11 Grèce 126 Marina Satti
49%
16 Lettonie 64 Dons
48%
(titre) Ramonda
48%
19 Finlande 38 Windows95Man
48%
8 Arménie 183 Ladaniva
47%
(titre) Hollow
46%
24 Autriche 24 Kaleen
46%
14 Lituanie 90 Silvester Belt
45%
25 Norvège 16 Gåte
43%
22 Espagne 30 Nebulossa
42%
23 Slovénie 27 Raiven
40%
17 Serbie 54 Teya Dora
37%
(titre) Ulveham
32%
20 Estonie 37 5miinust/Puuluup
30%
15 Chypre 78 Silia Kapsis
28%
21 Géorgie 34 Nutsa Buzaladze
23%
(titre) Nendest narkootikumidest ei tea me küll midagi
22%
Aucun quiz correspondant
Distribution des résultats
% des personnes avec chaque résultat
Percentile par nombre de réponses
Votre historique - résultats
Vous n’avez pas pris ce quiz